Southville International School and Colleges
Your cart is empty.
  • Cart
  • Lists
    Public lists Eva Luna New books Lux_list list_1
    Your lists Log in to create your own lists
  • Log in to your account
  • Your cookies
  • Search history
Southville International School and Colleges
  • Advanced search
  • Recent comments
  • Most popular
  • Libraries

Log in to your account

Log in with GOOGLE


If you do not have an external account, but do have a local account, you can still log in:

  1. Home
  2. MARC view: Munch crunch lunch
Normal view MARC view ISBD view

Munch crunch lunch (Record no. 366674)

[ view plain ]
MARC details
000 -LEADER
fixed length control field 00686nam a22002297a 4500
003 - CONTROL NUMBER IDENTIFIER
control field 0
005 - DATE AND TIME OF LATEST TRANSACTION
control field 20241111154739.0
008 - FIXED-LENGTH DATA ELEMENTS--GENERAL INFORMATION
fixed length control field 241111b xxu||||| |||| 00| 0 eng d
020 ## - INTERNATIONAL STANDARD BOOK NUMBER
International Standard Book Number 978-1-78603-610-0
082 ## - DEWEY DECIMAL CLASSIFICATION NUMBER
Classification number ER
Item number M963 2019
100 ## - MAIN ENTRY--PERSONAL NAME
Personal name Woolley, Katie
245 ## - TITLE STATEMENT
Title Munch crunch lunch
Statement of responsibility, etc Katie Woolley.
260 ## - PUBLICATION, DISTRIBUTION, ETC. (IMPRINT)
Place of publication, distribution, etc London :
Name of publisher, distributor, etc QED Publishing,
Date of publication, distribution, etc c2019.
300 ## - PHYSICAL DESCRIPTION
Extent 31 p. :
Other physical details col. ill. ;
Dimensions 22 cm.
490 ## - SERIES STATEMENT
Series statement Reading gems phonics ;
Volume number/sequential designation 3
650 ## - SUBJECT ADDED ENTRY--TOPICAL TERM
Topical term or geographic name as entry element Children's stories.
650 ## - SUBJECT ADDED ENTRY--TOPICAL TERM
Topical term or geographic name as entry element Readers (Elementary)
650 ## - SUBJECT ADDED ENTRY--TOPICAL TERM
Topical term or geographic name as entry element Extraterrestrial beings -- Juvenile fiction.
650 ## - SUBJECT ADDED ENTRY--TOPICAL TERM
Topical term or geographic name as entry element Luncheons -- Juvenile fiction.
650 ## - SUBJECT ADDED ENTRY--TOPICAL TERM
Topical term or geographic name as entry element Insects -- Juvenile fiction.
942 ## - ADDED ENTRY ELEMENTS (KOHA)
Source of classification or shelving scheme Dewey Decimal Classification
Koha item type Books
Holdings
Withdrawn status Lost status Source of classification or shelving scheme Damaged status Home library Current library Shelving location Date acquired Source of acquisition Total Checkouts Full call number Barcode Date last seen Price effective from Koha item type
    Dewey Decimal Classification   Munich Library Munich Library Easy Reading Section 11/11/2024 Library Fund   ER M963 2019 M8633 11/11/2024 11/11/2024 Books

Munch crunch lunch

APA

Woolley K., . (2019). Munch crunch lunch. London: QED Publishing.

Chicago

Woolley Katie, . 2019. Munch crunch lunch. London: QED Publishing.

Harvard

Woolley K., . (2019). Munch crunch lunch. London: QED Publishing.

MLA

Woolley Katie, . Munch crunch lunch. London: QED Publishing. 2019.

  • Place hold
  • Print
  • Cite
  • Add to your cart (remove)
  • Save record
    BIBTEX Dublin Core MARCXML MARC (non-Unicode/MARC-8) MARC (Unicode/UTF-8) MARC (Unicode/UTF-8, Standard) MODS (XML) RIS
  • More searches
    Search for this title in:
    Other Libraries (WorldCat) Other Databases (Google Scholar) Online Stores (Bookfinder.com) Open Library (openlibrary.org)

Exporting to Dublin Core...

SOUTHVILLE LIBRARY

Southville International School and Colleges Library

1281 Tropical Ave. Cor. Luxembourg St., BF Homes International, Las Pinas City

Tel. No. 8256374 / 252358 Loc. 117/146

Powered by Koha